000 00532nmm a2200193Ia 4500
008 251105s9999||||xx |||||||||||||||||und||
020 _a9788434809079
041 _aspa
100 _aMateos, Pilar
245 0 _aHistorias de ninguno
264 _a[Madrid, España] :
_bGrupo SM,
_c1981
300 _a96 páginas
490 _aEl Barco de Vapor Azul
650 _aAges 9-12 Years Old
700 _aMateos, Pilar
700 1 _a Otero, Gustavo (il.)
856 _uhttps://public.digitaliapublishing.com/a/86177
942 _cCF
999 _c68617
_d68617